| 000 | 00458nam a2200157Ia 4500 | ||
|---|---|---|---|
| 999 |
_c28783 _d28783 |
||
| 003 | OSt | ||
| 005 | 20260416152741.0 | ||
| 008 | 190216s9999||||xx |||||||||||||| ||und|| | ||
| 040 | _coclc | ||
| 082 |
_a297.122 _bYAT/P |
||
| 100 |
_aYati, Nitya Chaitanya _96870 |
||
| 245 | 0 |
_aParisudha Quaranu Hrudayanjali / _cNityachaitanya Yati |
|
| 260 |
_bPen Books, _aAluva: |
||
| 300 | _a104p | ||
| 942 |
_cBK _2ddc _h297.122 _iYAT/P _k297.122 _mYAT/P |
||